000 00298nam a2200109Ia 4500
008 220204s9999 xx 000 0 und d
082 _a352(540)
_bBHO
100 _aBHOGLE, Shantaram K
245 0 _aLocal government and administration in India
260 _aAruangabad
_bDashrathe
_c1977
942 _cBK
999 _c33114
_d33114